Langue française: Proverbes et expressions (QCM) - Statistiques

Statistiques générales
  • Ce quiz a été pris 2 631 fois
    2 591 depuis la dernière actualisation
  • Le résultat moyen est 18 sur 20
Statistiques - réponses
Question Réponse % Correct
Qui n'est pas là lorsque les souris dansent? Le chat
100%
Où tombe-t-on quand on s'évanouit? Dans les pommes
99%
Qu'est-ce qui ne fait pas le moine? L'habit
99%
Que pose-t-on quand on ne va pas à un rendez-vous? Un lapin
99%
Qui porte conseil? La nuit
98%
Où mènent tous les chemins? À Rome
97%
Qu'ont les murs lorsque l'on veut se faire discret? Des oreilles
97%
Quelle situation est meilleure que celle d'être mal accompagné? Être seul
97%
Comment la vengeance se mange-t-elle quand elle est un plat? Froid
97%
Quel adjectif qualifie une personne qui a du bol? Chanceux
96%
Que vient après la pluie? Le beau temps
96%
Que ne fait-on pas sans casser des œufs? Des omelettes
95%
Que faut-il battre quand il est chaud? Le fer
93%
Comment est l'eau lorsqu'elle indique une œuvre excessivement sentimentale? Eau de rose
92%
Que récolte qui sème le vent? La tempête
92%
Quelle partie du corps accompagne les dents dans la loi du talion? L'œil
74%
Quel oiseau ne fait pas le printemps? Une hirondelle
66%
De quelle couleur sont tous les chats la nuit? Gris
57%
Qu'a-ton de long(s) quand on est ambitieux? Les dents
56%
Comment est aromatisée la soupe d'une personne qui change facilement de caractère? Au lait
55%
Aucun quiz correspondant
Distribution des résultats
% des personnes avec chaque résultat
Percentile par nombre de réponses
Votre historique - résultats
Vous n’avez pas pris ce quiz depuis la dernière actualisation